Mujeres de América /

En este libro se hace una selección de algunas de las mujeres más destacadas en la historia, la política o la literatura en América, desde la Conquista hasta el siglo XX.

I tiakina i:
Ngā taipitopito rārangi puna kōrero
Hōputu: Pukapuka
Reo:Pāniora
Rangatū:(Biblioteca Enciclopédica Popular. Tercera Epoca ; 196)
Ngā marau:
Ngā Tūtohu: Tāpirihia he Tūtohu
Kāore He Tūtohu, Me noho koe te mea tuatahi ki te tūtohu i tēnei pūkete!

MARC

LEADER 00000nam^a2200000^a^4500
001 000138094
005 20250521000000.0
009 20260310095415.217
037 |a Acervo ITESO - Biblioteca 
041 |a ESP 
082 |a 980. 0092  |b MUJ 
245 0 0 |a Mujeres de América /  |c Selec. de E. Romero ; pról. de R. Heliodoro Valle. 
264 |a México :  |b Secretaría de Educación Pública,  |c 1948 
300 |a 84 p. 
336 |a texto  |b txt  |2 rdacontenido 
337 |a sin mediación  |b n  |2 rdamedio 
338 |a volumen  |b nc  |2 rdasoporte 
440 1 |a (Biblioteca Enciclopédica Popular.  |p Tercera Epoca ;  |v 196) 
520 |a En este libro se hace una selección de algunas de las mujeres más destacadas en la historia, la política o la literatura en América, desde la Conquista hasta el siglo XX. 
649 |a XX 
650 |a Mujeres Americanas -  |x Biografías 
650 |a Personajes Históricos Americanos -  |x Biografías 
650 |a Políticos Americanos -  |x Biografías 
650 |a Escritores Americanos -  |x Biografías 
650 |a Revolucionarios Americanos -  |x Biografías 
650 |a América -  |x Historia 
910 |a Fondo Salvador Reynoso Reynoso 
920 |a Impresos - Libros 
930 |a Fondos Especiales 
905 |a 112 
901 |a 0800014597  |b IT2  |c ESP  |u 20250521 
902 |a https://opac.biblio.iteso.mx/vufind/Record/000138094